000 01007nas a2200337 4500
001 BR2013003883
003 BR-BrBNA
005 20231205122354.0
007 ta
008 230509b bl.|||p| |||| 00| 00por d
040 _aBR-BrBNA
_bpor
_cBiblioteca Nacional de Agricultura
041 _a(Pt)
072 _aP33
100 1 _aCampos, M.L.
100 1 _aGuilherme, L.R.G.
100 1 _aMarques, J.J.G. de S. e M.
100 1 _aCuri, N.
100 1 _aAraújo, A.S.A.
100 1 _aMiquelluti, D.J.
100 1 _aLopes, C.
100 1 _aSpiazzi, F.R.
245 1 _aTeores de arsênio e cádmio em solos do bioma cerrado
650 _aANÁLISE DO SOLO
650 _aARSÊNICO
650 _aCADMIO
650 _aCERRADO
773 0 _tRevista Brasileira de Ciência do Solo (Brazil)
_xISSN 0100-0683
_g(Jan-Feb 2013), v. 37(1) p. 281-286
_wBR2013003883
856 4 0 _uhttp://www.scielo.br/pdf/rbcs/v37n1/v37n1a29.pdf
909 _a202311
_bLúcia
_c55
_dLúcia Elande
942 _2AGRIS
_n0
_cANA
999 _c228314
_d228314